<?xml version="1.0" encoding="UTF-8"?><?xml-stylesheet type="text/xsl" href="static/style.xsl"?><OAI-PMH xmlns="http://www.openarchives.org/OAI/2.0/" xmlns:xsi="http://www.w3.org/2001/XMLSchema-instance" xsi:schemaLocation="http://www.openarchives.org/OAI/2.0/ http://www.openarchives.org/OAI/2.0/OAI-PMH.xsd"><responseDate>2026-04-17T12:32:43Z</responseDate><request verb="GetRecord" identifier="oai:www.recercat.cat:2445/100744" metadataPrefix="marc">https://recercat.cat/oai/request</request><GetRecord><record><header><identifier>oai:recercat.cat:2445/100744</identifier><datestamp>2025-12-05T10:30:11Z</datestamp><setSpec>com_2072_1057</setSpec><setSpec>col_2072_478770</setSpec><setSpec>col_2072_478917</setSpec></header><metadata><record xmlns="http://www.loc.gov/MARC21/slim" xmlns:dcterms="http://purl.org/dc/terms/" xmlns:xsi="http://www.w3.org/2001/XMLSchema-instance" xmlns:doc="http://www.lyncode.com/xoai" xsi:schemaLocation="http://www.loc.gov/MARC21/slim http://www.loc.gov/standards/marcxml/schema/MARC21slim.xsd">
   <leader>00925njm 22002777a 4500</leader>
   <datafield ind2=" " ind1=" " tag="042">
      <subfield code="a">dc</subfield>
   </datafield>
   <datafield ind2=" " ind1=" " tag="720">
      <subfield code="a">Beltran, Oriol</subfield>
      <subfield code="e">author</subfield>
   </datafield>
   <datafield ind2=" " ind1=" " tag="720">
      <subfield code="a">Santamarina Campos, Beatriz</subfield>
      <subfield code="e">author</subfield>
   </datafield>
   <datafield ind2=" " ind1=" " tag="260">
      <subfield code="c">2016-07-21T13:32:32Z</subfield>
   </datafield>
   <datafield ind2=" " ind1=" " tag="260">
      <subfield code="c">2016-07-21T13:32:32Z</subfield>
   </datafield>
   <datafield ind2=" " ind1=" " tag="260">
      <subfield code="c">2016</subfield>
   </datafield>
   <datafield ind2=" " ind1=" " tag="260">
      <subfield code="c">2016-07-21T13:32:37Z</subfield>
   </datafield>
   <datafield ind2=" " ind1=" " tag="520">
      <subfield code="a">En este artículo presentamos un balance de la Antropología de la Conservación en el Estado español. Durante las últimas décadas, la protección de los espacios naturales ha aumentado de una manera exponencial en todo el mundo. A la vez que se extendía esta patrimonialización de la naturaleza, los trabajos etnográficos sobre las áreas protegidas han ido ganando terreno dentro de la disciplina y, en particular, en el campo de la Antropología Ambiental. La mencionada bibliografía ha puesto de relieve los múltiples aspectos derivados de las nuevas políticas territoriales de regulación, apropiación y mercantilización de la 'naturaleza'. En este trabajo realizamos una revisión exhaustiva de la producción generada a raíz de este interés por las áreas protegidas en nuestro país subrayando sus principales aportaciones, características y debilidades. De este modo pretendemos reflexionar acerca de su continuidad, con el fin de evitar la mera reiteración y favorecer el avance en sus resultados</subfield>
   </datafield>
   <datafield tag="653" ind2=" " ind1=" ">
      <subfield code="a">Espais naturals protegits</subfield>
   </datafield>
   <datafield tag="653" ind2=" " ind1=" ">
      <subfield code="a">Etnografia</subfield>
   </datafield>
   <datafield tag="653" ind2=" " ind1=" ">
      <subfield code="a">Antropologia</subfield>
   </datafield>
   <datafield tag="653" ind2=" " ind1=" ">
      <subfield code="a">Protected areas</subfield>
   </datafield>
   <datafield tag="653" ind2=" " ind1=" ">
      <subfield code="a">Ethnography</subfield>
   </datafield>
   <datafield tag="653" ind2=" " ind1=" ">
      <subfield code="a">Anthropology</subfield>
   </datafield>
   <datafield ind2="0" ind1="0" tag="245">
      <subfield code="a">Antropología de la Conservación en España. Balance y perspectivas</subfield>
   </datafield>
</record></metadata></record></GetRecord></OAI-PMH>